000 00231nam a22000857a 4500
008 160928b xxu||||| |||| 00| 0 eng d
100 _9800
_aSiddiqui.S.etal
245 _aEnglish Reader-3
260 _aNew Delhi
_bS. Chand Publications
_c2011
999 _c3454
_d3454